000 00683 a2200205 4500
001 34498
005 20260407155631.0
008 260407a1960 arg spa d
003 AR-UNSa-BCEJYS
040 _aAR-UNSa-BCEJYS
_bspa
_cAR-UNSa-BCEJYS
080 _a658
_xAdministración de empresas. Organización comercial
245 1 0 _aLa empresa y las relaciones públicas
264 1 _c1960
300 _a189 p.
_c19 cm.
505 _a1. Yo organizo mi empresa - 2. Práctica del control de calidad - 3. El control de la empresa a trvés de los datos contables.
942 _cBK
590 _aniveau_biblio:m niveau_hierar:0
100 1 _aFinn, David
700 1 _aGil Aluja, Jaime
999 _c2455
_d2455